| 000 -LEADER |
| fixed length control field |
01651nam a2200289 a 4500 |
| 001 - CONTROL NUMBER |
| control field |
ASIN8182742870 |
| 005 - DATE AND TIME OF LATEST TRANSACTION |
| control field |
20170105102924.0 |
| 008 - FIXED-LENGTH DATA ELEMENTS--GENERAL INFORMATION |
| fixed length control field |
131211s2007 xxu eng d |
| 020 ## - INTERNATIONAL STANDARD BOOK NUMBER |
| International Standard Book Number |
8182742870 (hardcover) |
| Terms of availability |
$51.95 |
| 020 ## - INTERNATIONAL STANDARD BOOK NUMBER |
| International Standard Book Number |
9788182742871 (hardcover) |
| 040 ## - CATALOGING SOURCE |
| Original cataloging agency |
0 |
| 050 04 - LIBRARY OF CONGRESS CALL NUMBER |
| Classification number |
U393 |
| 082 04 - DEWEY DECIMAL CLASSIFICATION NUMBER |
| Classification number |
355.070973 |
| Author Mark |
EDW 2007 |
| 100 1# - MAIN ENTRY--PERSONAL NAME |
| Personal name |
Edwards, John. |
| 245 14 - TITLE STATEMENT |
| Title |
The geeks of war / |
| Statement of responsibility, etc. |
John Edwards. |
| 260 ## - PUBLICATION, DISTRIBUTION, ETC. |
| Place of publication, distribution, etc. |
[S.l.] : |
| Name of publisher, distributor, etc. |
Pentagon Press, |
| Date of publication, distribution, etc. |
2007. |
| 300 ## - PHYSICAL DESCRIPTION |
| Extent |
222 p. ; |
| Dimensions |
22 cm. |
| 520 ## - SUMMARY, ETC. |
| Summary, etc. |
Wars are fought on the battlefield, but the technologies that enable 21st-century warfare are developed in research laboratories. Within the walls of corporate, government, and academic labs, researchers are probing the edges of science to uncover technologies that will make warfare more efficient-and more deadly. This book looks at the people behind the curtain, and at the next generation of tactical, information, communication, vehicular, biological, and crypto-graphic systems. Featuring in-depth interviews with the project directors and scientists performing this groundbreaking research, The Geeks of War also examines their scientific, political, patriotic,and financial motives, as well as the implications these technologies may have for the future. |
| 650 #0 - SUBJECT ADDED ENTRY--TOPICAL TERM |
| Topical term or geographic name entry element |
Military art and science--Technological innovations |
| 650 #0 - SUBJECT ADDED ENTRY--TOPICAL TERM |
| Topical term or geographic name entry element |
Military art and science--Technological innovations |
| 650 #0 - SUBJECT ADDED ENTRY--TOPICAL TERM |
| Topical term or geographic name entry element |
Military research |
| 650 #0 - SUBJECT ADDED ENTRY--TOPICAL TERM |
| Topical term or geographic name entry element |
Military research |
| 650 #0 - SUBJECT ADDED ENTRY--TOPICAL TERM |
| Topical term or geographic name entry element |
United States |
| 650 #0 - SUBJECT ADDED ENTRY--TOPICAL TERM |
| Topical term or geographic name entry element |
United States |
| 856 40 - ELECTRONIC LOCATION AND ACCESS |
| Materials specified |
Amazon.com |
| Uniform Resource Identifier |
<a href="http://www.amazon.com/exec/obidos/ASIN/8182742870/chopaconline-20">http://www.amazon.com/exec/obidos/ASIN/8182742870/chopaconline-20</a> |
| 942 ## - ADDED ENTRY ELEMENTS (KOHA) |
| Source of classification or shelving scheme |
|
| Koha item type |
Book |